Braudel y nosotros: reflexiones sobre la cultura histórica de nuestro tiempo

Αποθηκεύτηκε σε:
Λεπτομέρειες βιβλιογραφικής εγγραφής
Κύριος συγγραφέας: Romano, Ruggiero (Συγγραφέας)
Μορφή: Βιβλίο
Γλώσσα:Ισπανικά
Έκδοση: Ciudad de México Fondo de Cultura Económica 1997
Σειρά:Cuadernos de la Gaceta, 93
Θέματα:
Ετικέτες: Προσθήκη ετικέτας
Δεν υπάρχουν, Καταχωρήστε ετικέτα πρώτοι!

MARC

LEADER 00000nam a2200000 a 4500
001 UCN7718
003 CL-VaPUC
008 011026e19970000MX |||||||||||||||||spa|d
082 0 4 |a 907.202  |b ROM  |2 21 
100 0 |a Romano, Ruggiero  |e author  |9 463727 
245 1 0 |a Braudel y nosotros: reflexiones sobre la cultura histórica de nuestro tiempo 
300 |a 177 p 
942 |c BK 
945 |d 20011026 00:00:00  |a vberengu 
260 |a Ciudad de México  |b Fondo de Cultura Económica  |c 1997 
600 0 7 |a BRAUDEL, FERNAND  |2 CL-VaPUC  |9 463728 
650 0 |a Investigación histórica  |9 344844 
650 7 |a HISTORIADORES FRANCESES  |2 CL-VaPUC  |9 463729 
650 0 |a Vida y obra  |9 311871 
583 |a last modification  |c 20011026 00:00:00  |k Rodrigo Vera 
490 0 |a Cuadernos de la Gaceta, 93 
999 |c 297929  |d 297927 
952 |0 0  |1 0  |4 0  |6 907_202000000000000_ROM_1997  |7 0  |8 A  |9 352985  |a BIBHIS  |b BIBHIS  |d 2019-11-21  |i 3764842  |o 907.202 ROM 1997  |p 3764842  |r 2025-01-20  |w 2019-11-21  |y BK  |k HIS